| 000 | 00481nam a2200193Ia 4500 | ||
|---|---|---|---|
| 003 | IN-BaIIA | ||
| 008 | 211028s9999 xx 000 0 eng d | ||
| 040 | _cIIA Library | ||
| 080 |
_a550.34 _bMIL |
||
| 100 |
_aMilne, John _9510 |
||
| 245 | 0 |
_aSeismology _cJohn Milne |
|
| 260 |
_aLondon _bKegan Paul _c1898 |
||
| 300 | _axvi, 319p. | ||
| 650 | _aArchives | ||
| 650 | _aAstronomy and Astrophysics Thesaurus | ||
| 650 |
_aGeophysics _954 |
||
| 650 |
_aSeismology _9511 |
||
| 942 | _cBK | ||
| 999 |
_c268 _d268 |
||